5HLuxD.jpg

KING HENRY VIII SENIOR AND PRIMARY SCHOOL LIBRARY OPAC

The Monkey King / (Record no. 2312)

000 -LEADER
fixed length control field 01130nam a2200373 a 4500
001 - CONTROL NUMBER
control field 017146343
003 - CONTROL NUMBER IDENTIFIER
control field UkOxU
005 - DATE AND TIME OF LATEST TRANSACTION
control field 20230413102410.0
008 - FIXED-LENGTH DATA ELEMENTS--GENERAL INFORMATION
fixed length control field 070122s2007 enka j 000 0 eng d
015 ## - NATIONAL BIBLIOGRAPHY NUMBER
National bibliography number GBA706490
Source bnb
020 ## - INTERNATIONAL STANDARD BOOK NUMBER
International Standard Book Number 9780746077641 :
020 ## - INTERNATIONAL STANDARD BOOK NUMBER
International Standard Book Number 0746077645 :
035 ## - SYSTEM CONTROL NUMBER
System control number (Uk)013650613
035 ## - SYSTEM CONTROL NUMBER
System control number (UkLCURL)72013650613
038 ## - RECORD CONTENT LICENSOR
Record content licensor Uk
040 ## - CATALOGING SOURCE
Original cataloging agency StDuBDS
Language of cataloging eng
Transcribing agency StDuBDS
Modifying agency Uk
-- KH8
042 ## - AUTHENTICATION CODE
Authentication code ukblsr
049 ## - LOCAL HOLDINGS (OCLC)
Local processing data b
082 04 - DEWEY DECIMAL CLASSIFICATION NUMBER
Classification number 823.914 DIC
Edition number 22
100 1# - MAIN ENTRY--PERSONAL NAME
Personal name Dickins, Rosie.
Relator term Author
240 10 - UNIFORM TITLE
Uniform title Monkey King.
Language of a work English
245 14 - TITLE STATEMENT
Title The Monkey King /
Statement of responsibility, etc. retold by Rosie Dickins ; illustrated by Germano Ovani ; based on a translation by Evelyn Ong ; reading consultant Alison Kelly.
260 ## - PUBLICATION, DISTRIBUTION, ETC.
Place of publication, distribution, etc. London :
Name of publisher, distributor, etc. Usborne,
Date of publication, distribution, etc. 2007.
300 ## - PHYSICAL DESCRIPTION
Extent 47 p. :
Other physical details col. ill. ;
Dimensions 20 cm.
490 1# - SERIES STATEMENT
Series statement Usborne young reading. Series one
500 ## - GENERAL NOTE
General note Formerly CIP.
Institution to which field applies Uk
650 ## - SUBJECT ADDED ENTRY--TOPICAL TERM
Topical term or geographic name entry element Children's stories
650 ## - SUBJECT ADDED ENTRY--TOPICAL TERM
Topical term or geographic name entry element China
650 ## - SUBJECT ADDED ENTRY--TOPICAL TERM
Topical term or geographic name entry element Fiction
Form subdivision Folklore
700 1# - ADDED ENTRY--PERSONAL NAME
Personal name Ovani, Germano.
Relator term Illustrator
700 1# - ADDED ENTRY--PERSONAL NAME
Personal name Kelly, Alison.
830 #0 - SERIES ADDED ENTRY--UNIFORM TITLE
Uniform title Usborne young reading.
Number of part/section of a work Series one
942 ## - ADDED ENTRY ELEMENTS (KOHA)
Source of classification or shelving scheme
Koha item type Books - Fiction
Holdings
Withdrawn status Lost status Source of classification or shelving scheme Damaged status Not for loan Collection code Permanent Location Current Location Shelving location Date acquired Total Checkouts Full call number Barcode Date last seen Date last checked out Price effective from Koha item type
          Fiction KH8 Primary School Library KH8 Primary School Library Non Fiction 2023-04-13 15 823.914 DIC KHPL000004061 2026-04-10 2026-03-06 2023-04-13 Books - Fiction

Powered By KH8 IT Dept